[Event "FIDE World Rapid Team"]
[Site "London ENG"]
[Date "2025.06.13"]
[Round "12.3"]
[White "Ciocan, Maria-Alexandra"]
[Black "Hng, Mei-Xian Eunice"]
[Result "1-0"]
[WhiteElo "1924"]
[BlackElo "1848"]
[EventDate "2025.06.11"]
[Board "5"]

1. e4 c5 2. Nf3 e6 3. d3 Nc6 4. g3 d6 5. Bg2 Nf6 6. O-O Be7 7. Re1 O-O 8.
c3 Qc7 9. Nbd2 b6 10. Nf1 Bb7 11. Bg5 h6 12. Bxf6 Bxf6 13. d4 Rfd8 14. d5
exd5 15. exd5 Ne5 16. Nxe5 Bxe5 17. Ne3 g6 18. Qd2 Bg7 19. Qd3 Re8 20. Re2
c4 21. Qd2 b5 22. Rae1 a5 23. a3 Qc5 24. Rc1 Re7 25. Ree1 Rae8 26. g4 Qc8
27. Bf3 Kh7 28. Kg2 Be5 29. Nf1 f5 30. gxf5 gxf5 31. Kh1 Rg7 32. Ng3 Qd7
33. Qc2 Bc8 34. Nxf5 Rg6 35. Nh4 Qf7 36. Qxg6+ Qxg6 37. Nxg6 Kxg6 38. Rg1+
Kf6 39. Rce1 Bf5 40. Bg4 Bxg4 41. Rxg4 Kf7 42. Rge4 Rb8 43. f4 Bf6 44. R1e2
Rb7 45. a4 bxa4 46. Rxc4 a3 47. bxa3 Rb3 48. Rc7+ Kg6 49. Ra2 Kf5 50. Rc6
Bxc3 51. Rxd6 h5 52. Rh6 Kg4 53. Kg2 h4 54. h3+ Kxf4 55. Rxh4+ Ke5 56. Rh5+
Kd6 57. h4 Be5 58. Re2 Bb2 59. Re6+ Kd7 60. Rh7+ Kd8 61. Rg6 Re3 62. Rg8+
Re8 63. Rxe8+ Kxe8 64. a4 1-0

[Event "FIDE World Rapid Team"]
[Site "London ENG"]
[Date "2025.06.13"]
[Round "12.3"]
[White "Nayberg, Simona"]
[Black "Aryaman, Ganguly"]
[Result "0-1"]
[WhiteElo "1833"]
[BlackElo "1604"]
[EventDate "2025.06.11"]
[Board "6"]

1. e4 c5 2. c3 d5 3. exd5 Qxd5 4. d4 Nf6 5. Nf3 e6 6. Na3 a6 7. Nc4 Qd8 8.
Be2 Be7 9. dxc5 Qxd1+ 10. Bxd1 O-O 11. b4 Nd5 12. Bd2 Nc6 13. a4 a5 14. b5
Nb8 15. Nfe5 Bxc5 16. Nd3 Be7 17. Nf4 Nxf4 18. Bxf4 Nd7 19. Bf3 Bf6 20. Ra3
Be7 21. Ra2 Bf6 22. Rc2 e5 23. Be3 Be7 24. O-O f6 25. Bd5+ Kh8 26. Rd1 Nc5
27. Nb6 Rb8 28. Ra2 Bf5 29. f3 Rfd8 0-1

[Event "FIDE World Rapid Team"]
[Site "London ENG"]
[Date "2025.06.13"]
[Round "12.4"]
[White "Eilenberg, Jonas"]
[Black "Zakarian, David"]
[Result "1/2-1/2"]
[WhiteElo "2279"]
[BlackElo "2277"]
[EventDate "2025.06.11"]
[Board "1"]

1. d4 Nf6 2. c4 Nc6 3. Nc3 e5 4. d5 Ne7 5. Nf3 Ng6 6. h4 h5 7. Bg5 Be7 8.
e3 d6 9. Bd3 Nf8 10. Qc2 N8d7 11. O-O-O Nc5 12. Be2 a5 13. Rdf1 Bg4 14. b3
Qd7 15. e4 Qd8 16. Nh2 Bxe2 17. Qxe2 Nfd7 18. Nf3 Bf6 19. Kb1 Qe7 20. Rd1
Nf8 21. Be3 Nfd7 22. Qc2 Na6 23. Qb2 Ndc5 24. a3 Qd7 25. Ne1 Ke7 26. Nd3 b6
27. f3 Rhb8 28. Nb5 Kd8 29. Nf2 Qe7 30. g3 Kd7 31. Ka2 g5 32. hxg5 Bxg5 33.
Qd2 Rg8 34. g4 Bxe3 35. Qxe3 hxg4 36. Nxg4 Qg5 37. Qxg5 Rxg5 38. Rh7 Ke7
39. Kb2 Nxe4 40. Rdh1 Nf6 41. Nxf6 Rg2+ 42. Kc3 Kxf6 43. R1h6+ Rg6 44.
Rxg6+ Kxg6 45. Rh1 f5 46. b4 Kg5 47. Kb3 Kf4 48. Rf1 Rh8 49. Nc3 Rh3 50.
Ne2+ Ke3 51. Ng1 Rh2 52. Ka4 axb4 53. Kb5 Nc5 54. axb4 Rb2 55. Kc6 Rxb4 56.
Kxc7 Nd3 57. Kxd6 Rxc4 58. Ke6 f4 59. d6 Rd4 60. Ke7 Nc5 61. Nh3 Ke2 62.
Rf2+ Ke3 63. Rf1 e4 64. Ng1 exf3 65. Rxf3+ Ke4 66. Rf1 Kf5 67. Nf3 Re4+ 68.
Kf7 Kg4 69. Ng1 Kg3 70. Rb1 Kg2 71. Kf6 f3 72. Nxf3 Kxf3 73. Kf5 Rf4+ 74.
Ke5 Nd3+ 75. Kd5 Nb4+ 76. Ke6 Re4+ 77. Kd7 b5 78. Kc7 Nd5+ 79. Kc6 Nc3 80.
Rb3 b4 81. d7 Rc4+ 82. Kb6 Rd4 83. Kc5 Rxd7 84. Kxb4 Kf4 1/2-1/2

[Event "FIDE World Rapid Team"]
[Site "London ENG"]
[Date "2025.06.13"]
[Round "12.4"]
[White "Kiremitciyan, Ari"]
[Black "Yatskar, Martin"]
[Result "0-1"]
[WhiteElo "2165"]
[BlackElo "2223"]
[EventDate "2025.06.11"]
[Board "2"]

1. Nf3 d5 2. g3 c5 3. Bg2 Nc6 4. d4 e6 5. O-O cxd4 6. Nxd4 Bc5 7. Nxc6 bxc6
8. c4 Nf6 9. Qc2 Qe7 10. a3 O-O 11. Nd2 a5 12. b3 Bd4 13. Bb2 Bxb2 14. Qxb2
e5 15. b4 e4 16. e3 Bg4 17. Rfc1 Rfb8 18. cxd5 cxd5 19. Qd4 h5 20. h3 Be2
21. Rab1 Bd3 22. Rb2 Rb5 23. Rc5 Rxc5 24. bxc5 Rc8 25. Nb3 Qa7 26. Qa4 Bc4
27. Qxa5 Qxa5 28. Nxa5 Rxc5 29. Nb7 Rc7 30. a4 Bd3 31. Kh2 Nd7 32. a5 Ne5
33. Nd6 Rc1 34. Ra2 Ba6 35. Nf5 g5 36. Ne7+ Kg7 37. Nxd5 Nf3+ 38. Bxf3 exf3
39. h4 f6 40. Rb2 Bf1 41. Rb7+ Kf8 42. Nxf6 Bg2 43. Nh7+ Ke8 44. g4 gxh4
45. Nf6+ Kd8 0-1

[Event "FIDE World Rapid Team"]
[Site "London ENG"]
[Date "2025.06.13"]
[Round "12.4"]
[White "Kunz, Andre"]
[Black "Stepanyan, Henrik"]
[Result "1/2-1/2"]
[WhiteElo "2128"]
[BlackElo "2140"]
[EventDate "2025.06.11"]
[Board "3"]

1. e4 e5 2. Nf3 d5 3. Nxe5 Bd6 4. d4 dxe4 5. Nc3 Bxe5 6. dxe5 Qxd1+ 7. Nxd1
Nc6 8. Bf4 Nge7 9. Bb5 O-O 10. Bxc6 Nxc6 11. Nc3 Rd8 12. Rd1 Nd4 13. Rd2
Bf5 14. Be3 c5 15. Ne2 Nxe2 16. Kxe2 Rxd2+ 17. Kxd2 Rd8+ 18. Kc3 b6 19. Re1
1/2-1/2

[Event "FIDE World Rapid Team"]
[Site "London ENG"]
[Date "2025.06.13"]
[Round "12.4"]
[White "Zakarian, Dimitrios Levon"]
[Black "Stein, Theodor"]
[Result "1-0"]
[WhiteElo "2033"]
[BlackElo "1933"]
[EventDate "2025.06.11"]
[Board "4"]

1. d4 d6 2. c4 Nf6 3. Nf3 g6 4. g3 Bg7 5. Bg2 O-O 6. Nc3 Nc6 7. O-O e5 8.
d5 Ne7 9. e4 a5 10. h3 Nh5 11. Kh2 Bd7 12. Qd3 f5 13. Ng5 f4 14. Ne6 Bxe6
15. dxe6 Nc6 16. Nd5 g5 17. Bf3 Nf6 18. Nxf6+ Rxf6 19. Qd5 Qe8 20. Bg4 b6
21. h4 fxg3+ 22. Kxg3 gxh4+ 23. Kxh4 Ne7 24. Qd3 Bh6 25. Be3 Bf4 26. Bxf4
Ng6+ 27. Kg3 Nxf4 28. Qd2 Rg6 29. f3 h5 30. Rh1 hxg4 31. Qh2 Qxe6 32. Qh8+
Kf7 33. Rh7+ Rg7 34. Qxg7+ Ke8 35. Rh8+ Qg8 36. Rxg8# 1-0

[Event "FIDE World Rapid Team"]
[Site "London ENG"]
[Date "2025.06.13"]
[Round "12.4"]
[White "Ho, Ngoc Hai-Dang"]
[Black "Grigoryan, Meri"]
[Result "0-1"]
[WhiteElo "1981"]
[BlackElo "1908"]
[EventDate "2025.06.11"]
[Board "5"]

1. e4 c5 2. Nf3 d6 3. d4 cxd4 4. Nxd4 Nf6 5. Nc3 a6 6. a4 e6 7. Be2 Be7 8.
Be3 Qc7 9. O-O b6 10. Qd2 Bb7 11. f3 O-O 12. a5 b5 13. Nb3 Nbd7 14. Rfd1
Nc5 15. Nxc5 dxc5 16. Bf4 Qc6 17. e5 Rfd8 18. Qe1 Nd5 19. Bg3 Ne3 20. Rxd8+
Rxd8 21. Bd3 Rxd3 22. cxd3 Nc2 23. Qc1 Nxa1 24. Qxa1 Qd7 25. Qd1 Qd4+ 26.
Kh1 Bd8 27. Qe2 Bxa5 28. Bf2 Qf4 29. Nd1 Qc1 30. Be3 Qb1 31. Bxc5 Bd5 32.
Bg1 Bb3 33. Nc3 Qc1 34. Qf2 h6 35. Ne4 Bd5 36. h3 Bc7 37. f4 b4 38. Qc5
Qxc5 39. Bxc5 Bxe4 40. dxe4 a5 41. b3 g5 42. g3 f6 43. exf6 gxf4 44. gxf4
Bxf4 45. Bb6 Kf7 46. Bxa5 Bd6 47. e5 Bxe5 48. Bxb4 Kxf6 49. Kg2 Kf5 50. Kf3
Bd4 51. Bd2 e5 52. Bxh6 Bc3 53. h4 Bb4 54. Bg5 Bc5 55. Bd2 e4+ 56. Ke2 Kg4
57. Be1 Kf4 58. b4 Bb6 59. Bf2 Bc7 60. b5 Kg4 61. Be1 Bb6 62. Bf2 Bc7 63.
Ke3 Bb6+ 64. Ke2 Bc7 65. Kd2 Ba5+ 0-1

[Event "FIDE World Rapid Team"]
[Site "London ENG"]
[Date "2025.06.13"]
[Round "12.4"]
[White "Mesropyan, Hayk"]
[Black "Schuster, Rebekka"]
[Result "0-1"]
[WhiteElo "1932"]
[BlackElo "1874"]
[EventDate "2025.06.11"]
[Board "6"]

1. e4 e6 2. d4 d5 3. exd5 exd5 4. Bd3 Bd6 5. Nf3 Bg4 6. h3 Bh5 7. O-O Ne7
8. Bg5 f6 9. Bh4 Nbc6 10. c3 Qd7 11. b4 g5 12. Bg3 O-O-O 13. b5 Na5 14. Ne5
fxe5 15. Qxh5 e4 16. Be2 Kb8 17. Nd2 h6 18. Bxd6 Qxd6 19. Rfd1 Rdf8 20. Qg4
Rf4 21. Qg3 Rhf8 22. c4 Rxf2 23. Qxf2 Rxf2 24. Kxf2 Qf4+ 25. Nf3 exf3 26.
Bxf3 Nf5 27. Kg1 Nxc4 28. Rd3 c6 29. bxc6 bxc6 30. Rf1 Nfe3 31. Rb1+ Kc7
32. Rdb3 Qxd4 33. Rb7+ Kd6 34. Rh7 Nf5+ 35. Kh1 Nd2 36. Rd1 Qe3 37. Rxd2
Qxd2 38. Bg4 Qe1+ 39. Kh2 Qe5+ 40. Kg1 Qd4+ 41. Kh2 Qe5+ 42. Kg1 Ne3 43.
Rxh6+ Kc5 44. Bd7 Qg3 45. Rxc6+ Kd4 0-1

[Event "FIDE World Rapid Team"]
[Site "London ENG"]
[Date "2025.06.13"]
[Round "12.5"]
[White "Vaidyanathan, Adithya"]
[Black "Cancedda-Dupuis, Livio"]
[Result "0-1"]
[WhiteElo "2147"]
[BlackElo "2203"]
[EventDate "2025.06.11"]
[Board "1"]

1. d4 Nf6 2. c4 e6 3. Nf3 d5 4. Nc3 Bb4 5. Bg5 O-O 6. e3 h6 7. Bh4 Nbd7 8.
cxd5 exd5 9. Bd3 Re8 10. O-O c6 11. Qc2 Bd6 12. Rfb1 Qc7 13. b4 Ng4 14. Bg3
Bxg3 15. hxg3 Ngf6 16. b5 c5 17. dxc5 Nxc5 18. Rc1 b6 19. Na4 Nfd7 20. Bf5
Nf6 21. Nd4 Bxf5 22. Qxf5 Qd6 23. Nc3 Re5 24. Qf3 Nfe4 25. Nce2 Nd3 26. Rd1
Nexf2 27. Rf1 Rae8 28. Rxf2 Nxf2 29. Qxf2 Rxe3 30. Nf5 Qe5 31. Nxe3 Qxa1+
32. Nf1 Qxa2 33. Nf4 Qxf2+ 34. Kxf2 d4 35. Ne2 Rd8 36. Nd2 Rd5 37. Kf3 Rxb5
38. Nxd4 Rb2 39. Ke3 b5 40. Nc6 Ra2 41. Nb4 Ra3+ 42. Nd3 a5 43. Kd4 Ra2 44.
Ke3 b4 45. g4 Ra1 46. g3 f6 47. Ke2 Kf7 48. Ke3 Ra2 49. Nc5 a4 50. Nd3 b3
51. Ke2 a3 52. Nc1 Rxd2+ 53. Kxd2 b2 0-1

[Event "FIDE World Rapid Team"]
[Site "London ENG"]
[Date "2025.06.13"]
[Round "12.5"]
[White "Bryant, Harry"]
[Black "Yu, Rock"]
[Result "1/2-1/2"]
[WhiteElo "2121"]
[BlackElo "2091"]
[EventDate "2025.06.11"]
[Board "2"]

1. e4 c5 2. Nf3 Nf6 3. e5 Nd5 4. Nc3 e6 5. Nxd5 exd5 6. d4 Nc6 7. dxc5 Bxc5
8. Bd3 d6 9. exd6 O-O 10. O-O Qxd6 11. Bg5 Bg4 12. h3 Bh5 13. c3 Qg3 14.
Bh4 Qxh4 15. Nxh4 Bxd1 16. Raxd1 d4 17. cxd4 Bxd4 18. Be4 Bxb2 19. Rb1 Bf6
20. Rxb7 Nd4 21. Nf5 Nxf5 22. Bxf5 Bd4 23. Rd1 Rad8 24. Kf1 Bb6 25. Rd3 g6
26. Be4 Rxd3 27. Bxd3 Rc8 28. Be4 Rc7 29. Rb8+ Kg7 30. Ke2 Re7 31. f3 f5
32. Rb7 Rxb7 33. Bxb7 Kf6 1/2-1/2

[Event "FIDE World Rapid Team"]
[Site "London ENG"]
[Date "2025.06.13"]
[Round "12.5"]
[White "Murawski, Jan"]
[Black "Dasgupta, Avyukt"]
[Result "0-1"]
[WhiteElo "1985"]
[BlackElo "2083"]
[EventDate "2025.06.11"]
[Board "3"]

1. d4 d5 2. c4 c6 3. Nc3 Nf6 4. Nf3 a6 5. c5 Nbd7 6. Bf4 g6 7. h3 Bg7 8. e3
O-O 9. Bd3 Re8 10. Ne5 Nf8 11. O-O N6d7 12. Nxd7 Nxd7 13. b4 e5 14. dxe5
Nxe5 15. Be2 Bf5 16. Rc1 Qe7 17. Bg3 Rad8 18. Qb3 Nc4 19. Rfd1 Be6 20. e4
d4 21. Bxc4 Bxc4 22. Qxc4 dxc3 23. f3 Qg5 24. Kh2 Rd2 25. f4 Qd8 26. Re1 h5
27. Re3 Bd4 28. Re2 Qf6 29. e5 Qf5 30. Rxd2 cxd2 31. Rd1 Rd8 32. Qe2 Bc3
33. Qf3 Rd3 34. Qf2 Bxb4 35. Bh4 Qe4 36. Bg5 Qe1 37. Qg1 Re3 38. f5 Qg3+
39. Kh1 Re1 40. Bxd2 Bxd2 41. Qxe1 Qxe1+ 42. Rxe1 Bxe1 43. fxg6 fxg6 44.
Kg1 Bc3 45. e6 Bd4+ 46. Kf1 Bxc5 47. Ke2 Kg7 48. Kd3 Kf6 49. Kc4 b6 50. a4
a5 51. g4 hxg4 52. hxg4 Kxe6 53. Kd3 b5 54. axb5 cxb5 55. Kc3 Kf6 56. g5+
Kxg5 57. Kd3 Kf4 58. Kc3 g5 59. Kb3 g4 60. Ka2 a4 61. Kb2 b4 62. Ka2 g3 63.
Kb2 Ke3 64. Kc2 g2 65. Kb2 g1=Q 66. Kc2 b3+ 67. Kb2 Qf2+ 0-1

[Event "FIDE World Rapid Team"]
[Site "London ENG"]
[Date "2025.06.13"]
[Round "12.5"]
[White "Patel, Zain"]
[Black "Longson, Sarah N"]
[Result "1-0"]
[WhiteElo "2001"]
[BlackElo "2045"]
[EventDate "2025.06.11"]
[Board "4"]

1. f4 d5 2. Nf3 Nf6 3. e3 c5 4. b3 Nc6 5. Bb2 e6 6. d4 cxd4 7. exd4 Bb4+ 8.
c3 Bd6 9. Ne5 Ne4 10. g3 Bxe5 11. fxe5 Qg5 12. Bg2 h5 13. Bxe4 dxe4 14. Nd2
Qf5 15. Qe2 b6 16. Qxe4 Bb7 17. Qxf5 exf5 18. O-O-O O-O-O 19. Nc4 Kb8 20.
Nd6 Rd7 21. Nxf5 g6 22. Nd6 Nd8 23. Nxb7 Kxb7 24. c4 Ne6 25. Rhe1 Ng5 26.
d5 Re8 27. Re3 a6 28. Rde1 b5 29. h4 Nh7 30. e6 fxe6 31. Rxe6 Rc8 32. Re7
Nf8 33. Rxd7+ Nxd7 34. Re7 Kc7 35. Rg7 bxc4 36. bxc4 Rf8 37. c5 Kd8 38. c6
Rf1+ 39. Kc2 Rf2+ 40. Kd1 Nb6 41. Bd4 1-0

[Event "FIDE World Rapid Team"]
[Site "London ENG"]
[Date "2025.06.13"]
[Round "12.5"]
[White "Sefton, Adam"]
[Black "Mokhber-Garcia, Sebastian"]
[Result "1-0"]
[WhiteElo "1730"]
[BlackElo "1921"]
[EventDate "2025.06.11"]
[Board "5"]

1. e4 e5 2. Nc3 Nf6 3. f4 d5 4. fxe5 Nxe4 5. Qf3 Nxc3 6. dxc3 Qh4+ 7. g3
Qe4+ 8. Qxe4 dxe4 9. Bg2 Nc6 10. Bxe4 Nxe5 11. Bf4 Bd6 12. Ne2 Nc4 13. Bxd6
Nxd6 14. Bd3 Bd7 15. O-O-O O-O-O 16. Rhf1 f6 17. c4 b6 18. Nc3 Be6 19. b3
c6 20. Rfe1 Bg4 21. Be2 Bxe2 22. Rxe2 Rd7 23. Na4 Nb7 24. Rde1 Rhd8 25. h3
Kc7 26. Re7 Nd6 27. g4 Nf7 28. Kb2 Ne5 29. Rxd7+ Rxd7 30. Kc3 Rd8 31. b4 h5
32. gxh5 Rh8 33. Rg1 Rh7 34. Nb2 Nf3 35. Rg4 Ne5 36. Rg3 Kd6 37. Nd3 Nf7
38. c5+ Kd7 39. cxb6 axb6 40. Nf4 Nd6 41. Rd3 Rh8 42. Kb3 Re8 43. c4 Kc7
44. a4 Re4 45. Ng2 Nxc4 46. Rg3 Ne5 47. Rxg7+ Kd6 48. h6 Nd3 49. h7 c5 50.
h8=Q c4+ 51. Kc3 Ne5 52. Qd8+ Ke6 53. Qxb6+ Kf5 54. Qf2+ Ke6 55. Nf4+ Kf5
56. Nh5+ Ke6 57. Qxf6+ 1-0

[Event "FIDE World Rapid Team"]
[Site "London ENG"]
[Date "2025.06.13"]
[Round "12.5"]
[White "Maton, Emily"]
[Black "Veselow, Zoe"]
[Result "1-0"]
[WhiteElo "1827"]
[BlackElo "1775"]
[EventDate "2025.06.11"]
[Board "6"]

1. d4 Nf6 2. Nf3 e6 3. Bf4 d5 4. e3 c5 5. c3 Bd6 6. Bg3 O-O 7. Bd3 b6 8.
O-O Bb7 9. Nbd2 Bxg3 10. hxg3 Nbd7 11. Re1 Rc8 12. e4 dxe4 13. Nxe4 Nxe4
14. Bxe4 Bxe4 15. Rxe4 Nf6 16. Rh4 Qe7 17. Ng5 h6 18. Ne4 Rfd8 19. Nxf6+
Qxf6 20. Rf4 Qe7 21. Qg4 f5 22. Qe2 cxd4 23. cxd4 Qf6 24. Re1 Rxd4 25. Rxd4
Qxd4 26. Qxe6+ Kh7 27. Qxf5+ g6 28. Re7+ Kg8 29. Qxc8+ 1-0

[Event "FIDE World Rapid Team"]
[Site "London ENG"]
[Date "2025.06.13"]
[Round "12.6"]
[White "Sedykh, Mikhail"]
[Black "Grahn, Vidar"]
[Result "1/2-1/2"]
[WhiteElo "2108"]
[BlackElo "2201"]
[EventDate "2025.06.11"]
[Board "1"]

1. d4 Nf6 2. c4 e6 3. Nc3 d5 4. cxd5 exd5 5. Bg5 Bb4 6. e3 h6 7. Bh4 g5 8.
Bg3 Ne4 9. Qc2 h5 10. f3 Nxg3 11. hxg3 Qe7 12. Kf2 Be6 13. Bd3 c6 14. Nge2
Nd7 15. a3 Bd6 16. b4 Kf8 17. Na4 Re8 18. Qd2 Kg7 19. Nc5 Nf8 20. Rac1 Bc8
21. b5 b6 22. Na4 c5 23. dxc5 bxc5 24. Bb1 f6 25. Nec3 Bb7 26. Rce1 Nd7 27.
f4 Qe6 28. Qd3 Qf7 29. Qf5 d4 30. Ne4 Bxe4 31. Bxe4 Re7 32. Bd5 Qg6 33.
Qxg6+ Kxg6 34. exd4 cxd4 35. Rxe7 Bxe7 36. Rd1 Nb6 37. Nxb6 axb6 38. a4 Rd8
39. Bc6 h4 40. fxg5 hxg3+ 41. Kxg3 Kxg5 42. Rd3 Bc5 43. Kf3 f5 44. Ke2 Rh8
45. Rh3 Rd8 46. Kd3 1/2-1/2

[Event "FIDE World Rapid Team"]
[Site "London ENG"]
[Date "2025.06.13"]
[Round "12.6"]
[White "Strom-Engdahl, Alexander"]
[Black "Madan, Augustin"]
[Result "1/2-1/2"]
[WhiteElo "2113"]
[BlackElo "2203"]
[EventDate "2025.06.11"]
[Board "2"]

1. e4 e6 2. d4 d5 3. exd5 exd5 4. Bd3 Nf6 5. Nf3 Bd6 6. O-O O-O 7. Bg5 Bg4
8. Nbd2 c6 9. c3 Nbd7 10. Re1 Qc7 11. Qc2 Rfe8 12. Bf5 Bxf5 13. Qxf5
1/2-1/2

[Event "FIDE World Rapid Team"]
[Site "London ENG"]
[Date "2025.06.13"]
[Round "12.6"]
[White "Nilsson, Oliver"]
[Black "Bansal, Saahil"]
[Result "1-0"]
[WhiteElo "2043"]
[BlackElo "1874"]
[EventDate "2025.06.11"]
[Board "4"]

1. e4 c6 2. d4 d5 3. Nc3 dxe4 4. Nxe4 Nf6 5. Nxf6+ exf6 6. Be3 Bd6 7. Bd3
O-O 8. Ne2 Re8 9. c4 Nd7 10. Qc2 Nf8 11. O-O Qc7 12. h3 Be6 13. Nc3 Rad8
14. Rad1 Ng6 15. Rfe1 Bf4 16. Bxg6 fxg6 17. Bxf4 Qxf4 18. d5 Bf5 19. Qb3
Rxe1+ 20. Rxe1 Qc7 21. d6 Qf7 22. Re7 Qf8 23. c5+ Kh8 24. Qxb7 Rb8 25. Qxc6
h5 26. b4 Rc8 27. Qd5 Rb8 28. b5 Qc8 29. d7 Qf8 30. Qd6 Bxd7 31. Rxd7 Qe8
32. Qe7 Qg8 33. c6 Re8 34. Qf7 Re1+ 35. Kh2 1-0

[Event "FIDE World Rapid Team"]
[Site "London ENG"]
[Date "2025.06.13"]
[Round "12.6"]
[White "Bharat Kumar, Balahari"]
[Black "Ostensson, Julia"]
[Result "0-1"]
[WhiteElo "1790"]
[BlackElo "1966"]
[EventDate "2025.06.11"]
[Board "5"]

1. d4 Nf6 2. c4 g6 3. g3 Bg7 4. Bg2 O-O 5. Nc3 d6 6. Nf3 c5 7. O-O Nc6 8.
d5 Na5 9. Nd2 e6 10. Rb1 exd5 11. cxd5 Bd7 12. b3 b5 13. Qc2 Rc8 14. Bb2
Re8 15. Rbe1 Qc7 16. e4 b4 17. Nd1 c4 18. e5 dxe5 19. d6 Qxd6 20. Nxc4 Nxc4
21. bxc4 Bf5 22. Qb3 Bd3 23. Ne3 Bxf1 24. Rxf1 Qc5 25. Rd1 a5 26. Bc1 Red8
27. Nd5 Kh8 28. Bf1 Nxd5 29. cxd5 Rd6 30. Qf3 f5 31. Be3 Qc7 32. Qe2 Rcd8
33. Rc1 Qb7 34. Bc5 Rxd5 35. Qc2 Rc8 36. Qa4 h6 37. Be3 Rxc1 38. Bxc1 Qd7
39. Qc2 Rd1 40. Bb2 Kh7 41. Qc4 Qd5 42. Qc7 Qd3 0-1

[Event "FIDE World Rapid Team"]
[Site "London ENG"]
[Date "2025.06.13"]
[Round "12.6"]
[White "Letoret, Tim"]
[Black "Ding, Yihua"]
[Result "1-0"]
[WhiteElo "1794"]
[BlackElo "1536"]
[EventDate "2025.06.11"]
[Board "6"]

1. e4 c5 2. Nf3 d6 3. Bb5+ Bd7 4. Bxd7+ Nxd7 5. c3 Ngf6 6. d3 e6 7. O-O Be7
8. Re1 O-O 9. d4 cxd4 10. cxd4 Qc7 11. Nc3 a6 12. Bf4 Rfe8 13. Rc1 Qd8 14.
Qb3 b5 15. e5 dxe5 16. dxe5 Nc5 17. Qc2 Nfd7 18. Ne4 Nxe4 19. Qxe4 Rc8 20.
Qb7 Nc5 21. Qa7 Ra8 22. Qxc5 Bxc5 23. Rxc5 Qb6 24. Rec1 Qb7 25. Ng5 h6 26.
Rc7 Qb8 27. Nxf7 Ra7 28. Nxh6+ gxh6 29. R7c3 1-0

[Event "FIDE World Rapid Team"]
[Site "London ENG"]
[Date "2025.06.13"]
[Round "12.7"]
[White "Eren, Ataberk"]
[Black "Sava, Robert-Gabriel"]
[Result "1/2-1/2"]
[WhiteElo "2195"]
[BlackElo "2132"]
[EventDate "2025.06.11"]
[Board "1"]

1. c4 e6 2. Nf3 Nf6 3. g3 d5 4. Bg2 c6 5. O-O Bd6 6. d4 O-O 7. Nc3 Nbd7 8.
Nd2 Be7 9. e4 dxe4 10. Ndxe4 Nxe4 11. Nxe4 Nf6 12. Bf4 Nxe4 13. Bxe4 Bf6
14. Be5 Qe7 15. Qh5 g6 16. Qf3 Bg7 17. Qc3 f6 18. Bf4 c5 19. Bg2 cxd4 20.
Qxd4 e5 21. Qe4 Bf5 22. Qe2 Be6 23. Be3 Rac8 24. Rac1 b6 25. Rfd1 Rfd8 26.
b3 Bf8 27. h4 Qf7 28. a4 Bb4 29. Kh2 Qe7 30. h5 g5 31. Bd5 Qf7 32. Bxe6
Qxe6 33. Rxd8+ Rxd8 34. Rd1 Rxd1 35. Qxd1 Be7 36. a5 f5 37. axb6 axb6 38.
f3 Kf7 39. Qd3 h6 40. Kg2 Bc5 41. Bd2 e4 42. fxe4 fxe4 43. Qf1+ Ke8 44. Be1
Qg4 45. b4 Bd4 46. c5 bxc5 47. bxc5 Qf3+ 48. Qxf3 exf3+ 49. Kxf3 Bxc5 50.
Ke4 Kf7 51. Kf5 Kg7 52. g4 Kh7 53. Ke6 Bd4 54. Kf7 Ba1 55. Bb4 Bg7 56. Be7
Be5 57. Bf8 Bd4 58. Bd6 Bf2 59. Be7 Bg1 60. Ke6 Bf2 61. Kf7 Be3 62. Bf6 Bf2
1/2-1/2

[Event "FIDE World Rapid Team"]
[Site "London ENG"]
[Date "2025.06.13"]
[Round "12.7"]
[White "Rusu, Lucas"]
[Black "Makaraci, Tunahan"]
[Result "1/2-1/2"]
[WhiteElo "2130"]
[BlackElo "2151"]
[EventDate "2025.06.11"]
[Board "2"]

1. e4 c5 2. Nf3 d6 3. d4 cxd4 4. Nxd4 Nf6 5. Nc3 g6 6. Be2 Bg7 7. Be3 Nc6
8. O-O O-O 9. Qd2 Bd7 10. Rfd1 Rc8 11. f3 a6 12. a4 Re8 13. Nb3 Ne5 14. a5
Nc4 15. Bxc4 Rxc4 16. Bh6 Bh8 17. Bg5 Nh5 18. Qd3 Be6 19. g4 Nf6 20. e5
Nxg4 21. exd6 Qxd6 22. Qxd6 exd6 23. Rxd6 Ne5 24. Kf2 h6 25. Bxh6 Rh4 26.
Bg5 Rxh2+ 27. Kg3 Rh3+ 28. Kg2 Rh5 29. Ne4 Nc4 30. Rdd1 Bf5 31. Rh1 Rxh1
32. Rxh1 Rxe4 33. Rxh8+ Kxh8 34. Bf6+ Kg8 35. fxe4 Bxe4+ 36. Kf2 Bxc2 37.
Nc5 Nxa5 38. Bc3 Nc6 39. Nxb7 Bd3 40. Nc5 Bc4 41. b3 Bd5 42. Nxa6 Bxb3 43.
Nc5 Be6 44. Bf6 Kf8 45. Ke3 Ne7 46. Kf4 Nd5+ 47. Kg5 Nxf6 48. Kxf6 Bd5 49.
Nd7+ Kg8 50. Kg5 Kg7 51. Nf6 Bc6 52. Ng4 Bb7 53. Nf6 Bc6 54. Ng4 f5 55. Ne5
Be8 56. Kf4 Kf6 57. Nf3 Bc6 58. Ng5 Kg7 59. Ne6+ Kh6 60. Ng5 Bd5 61. Nh3
Kh5 62. Ng5 Kh4 63. Nh7 Bg8 64. Ng5 Kh5 65. Nf3 Ba2 66. Ng5 Kh6 67. Nf3 Bb3
68. Ng5 Bd5 69. Nh3 Kg7 70. Ng5 Kf6 71. Nh7+ Ke7 72. Ng5 Kd6 73. Nh7 Kc5
74. Ng5 Kd4 75. Nh7 Kd3 76. Ng5 Ke2 77. Nh7 Kf2 78. Nf8 Bf7 79. Nh7 Be8 80.
Ng5 Kg2 81. Nh7 Kh3 82. Ng5+ Kh4 83. Nf3+ Kh5 84. Ng5 Kh6 85. Nf3 Bc6 86.
Ng5 Bd5 87. Nh3 Bg2 88. Ng5 Bd5 89. Nh3 Bg2 90. Ng5 1/2-1/2

[Event "FIDE World Rapid Team"]
[Site "London ENG"]
[Date "2025.06.13"]
[Round "12.7"]
[White "Tahaoglu, Ugur Barkin"]
[Black "Badescu, Matei-Andrei"]
[Result "1-0"]
[WhiteElo "1959"]
[BlackElo "1961"]
[EventDate "2025.06.11"]
[Board "3"]

1. d4 d5 2. Nf3 Nf6 3. Bf4 e6 4. e3 Bd6 5. Nbd2 Bxf4 6. exf4 O-O 7. Bd3 b6
8. Qe2 c5 9. c3 a5 10. h4 Ba6 11. Bxa6 Rxa6 12. h5 Ra7 13. h6 g6 14. Ne5
Nbd7 15. Nc6 Qc7 16. Nxa7 Qxa7 17. O-O Qc7 18. g3 Rc8 19. Rfe1 Qd8 20. Rad1
Qf8 21. Kg2 Qxh6 22. Rh1 Qf8 23. Nf3 Qd6 24. Ne5 Qf8 25. Qb5 Qe8 26. b4
cxb4 27. cxb4 Nxe5 28. Qxe8+ Nxe8 29. fxe5 axb4 30. Rc1 Ra8 31. Rc2 Ng7 32.
g4 h5 33. f3 Ra4 34. Kg3 b3 35. axb3 Rxd4 36. Rc8+ Kh7 37. Rc7 Kg8 38. Ra1
h4+ 39. Kxh4 Rf4 40. Ra8+ Kh7 41. Kg3 g5 42. Raa7 Kg6 43. Rab7 Ne8 44. Re7
Ng7 45. Rxb6 d4 46. Rd6 f6 47. Rdd7 Kh7 48. Rxg7+ Kh8 49. Rge7 fxe5 50.
Rd8+ Rf8 51. Rxf8# 1-0